Flagi Państw Europy w 1880 - Statystyki

Ogólne statystyki
  • Ten quiz został rozwiązany 33 razy
  • Średni wynik to 23 z 25
Statystyki odpowiedzi
Obrazkowy Odpowiedź % Poprawnych
Serbia
100%
Austro-Węgry
96%
Belgia
96%
Bułgaria
96%
Dania
96%
Francja
96%
Hiszpania
96%
Holandia
96%
Imperium Osmańskie
96%
Luksemburg
96%
Monako
96%
Norwegia
96%
Rumunia
96%
San Marino
96%
Szwajcaria
96%
Szwecja
96%
Wielka Brytania
96%
Cesarstwo Niemieckie
93%
Włochy
93%
Portugalia
89%
Grecja
86%
Czarnogóra
82%
Liechtenstein
71%
Andora
50%
Imperium Rosyjskie
50%
Nie znaleziono quizów pasujących do podanych kryteriów
Rozkład punktacji
Procent ludzi z każdym wynikiem
Percentyl według liczby udzielonych odpowiedzi
Twoja historia wyników
Nie rozwiązałeś tego quizu